000 00954cam a2200253 a 4500
001 000011651
005 20200929162520.0
008 000407s1999 ck b 000 0 spa
020 _a9588087198
040 _aDO-SdBNP
_bspa
_cDLC
_dBNPHU
082 _a346.02386
_bE74c
100 1 _aEscobar Henríquez, Alvaro B.
_927593
245 1 3 _aEl contrato estatal de obra :
_bdescripción, cláusulas, comentarios críticas /
_cAlvaro B. Escobar Henríquez.
260 _aSanta Fe de Bogotá, (Colombia) :
_bEdiciones Jurídicas Gustavo Ibañez,
_c1999.
300 _a356 p. ;
_c25 cm.
490 1 _aVocatio in ius
504 _aIncluye referencias bibliográficas (p. [355] -356).
650 4 _aContratos públicos
_zColombia
_927594
650 4 _aContratos públicos
_xLegislación
_zColombia
_927595
650 4 _aContratos administrativos
_zColombia
_927596
830 0 _aVocatio in ius.
_927597
910 _aCatalogación por copia / LC
049 _aBNGR
999 _c11339
_d11339